Statistics for Song: The Beatles

Click here to take the quiz!

General Stats

  • This quiz has been taken 280 times
  • The average score is 50 of 81

Answer Stats

Answer% Correct
I
98%
I
98%
I
98%
I
98%
I
98%
I
98%
I
98%
I
98%
I
98%
I
98%
I
98%
I
98%
a
97%
a
97%
you
95%
you
95%
you
95%
you,
95%
you
95%
you
95%
you
95%
You
95%
you
95%
you
95%
you
95%
you?
95%
love
92%
love
92%
love
92%
When
83%
be
72%
can
68%
can
68%
It
67%
So
66%
so
66%
So
66%
see
62%
that
59%
know
57%
need
54%
want
54%
have
52%
was
51%
was
51%
How
48%
How
48%
How
48%
How
48%
How
48%
could
45%
It's
45%
time
45%
time
45%
ever
42%
ever
42%
been
39%
long,
39%
long,
39%
long
39%
long,
39%
long
39%
long,
39%
Now
39%
Now
39%
I'm
36%
tears
31%
oh
29%
Oh,
29%
Oh
29%
many
28%
many
28%
happy
27%
loved
26%
lost
25%
found
21%
tears
16%
took
15%
searching
14%
wasting
10%
misplace
8%

Score Distribution

Percentile by Number Answered

Percent of People with Each Score

Your Score History

You have not taken this quiz